000 00391 a2200169 4500
001 187097
020 _a85-08-06243-5
040 _cMagnum
100 _aRodrigues, Jaime
240 1 0 _aO tráfico de escravos para o Brasil
_lpor
245 1 0 _aO tráfico de escravos para o Brasil
300 _a64
362 0 _a1998
440 1 _aÁtica
697 _aHISTÓRIA DO BRASIL
942 _cBK
999 _c187097
_d187097